000 00698nam a2200229 a 4500
001 000019399
005 20200929170015.0
008 100628s1978 ag r 000 f spa d
020 _a9501514692
040 _aDO-SdBNP
_bspa
_cBNPHU
082 _a843.914
_bP811u
100 1 _aPont, Díane du
_941653
240 1 0 _aThe french passion.
_lEspañol
245 1 0 _aUna pasión francesa /
_cDíane du Pont ; traducción de Patricio Canto.
260 _aBuenos Aires, Argentina :
_bJavier Vergara Editor,
_c1978.
300 _a511 p. ;
_c18 cm.
650 4 _aNovela francesa
_91075
650 4 _aLiteratura francesa
_91074
700 1 _aCanto, Patricio,
_etr.
_913642
910 _aWM
049 _aBNGR
999 _c18915
_d18915